| 000 | 00349nam a22001217a 4500 | ||
|---|---|---|---|
| 999 |
_c129882 _d129882 |
||
| 008 | 190924b ||||| |||| 00| 0 eng d | ||
| 050 |
_aPR9369.4.M3845 _bY43 |
||
| 100 |
_aMashigo, Mohale _948246 |
||
| 245 |
_aThe Yearning _cMohale Mashigo |
||
| 260 |
_aJohannesburg _bPicador Africa _c2016 |
||
| 300 |
_ax, 187p. ; _c21cm. |
||
| 942 |
_2lcc _cMONOGRAPH |
||